| 000 | 00000nam 2200000zi 4500 |
| 001 | 9.945156 |
| 003 | CaOODSP |
| 005 | 20250605104956 |
| 006 | m o d f |
| 007 | cr cn||||||||| |
| 008 | 241114t20252024oncab ob f000 0 iku d |
| 020 | |a9780660744995 |
| 040 | |aCaOODSP|beng|erda|cCaOODSP |
| 043 | |an-cn--- |
| 086 | 1 |aFs23-755/2024Iku2-PDF |
| 245 | 00|a[Five years of coastal science] : |b[the Coastal Environmental Baseline Program, Oceans Protectection Plan, 2018-2023]. |
| 246 | 10|aCoastal Environmental Baseline Program, Oceans Protectection Plan, 2018-2023 |
| 250 | |a[Inuktitut (Nunavut) edition]. |
| 264 | 1|a[Ottawa] : |bFisheries and Oceans Canada = Pêches et océans Canada, |c[2025] |
| 264 | 4|c©2024 |
| 300 | |a1 online resource (15 pages) : |billustrations, maps |
| 336 | |atext|btxt|2rdacontent |
| 337 | |acomputer|bc|2rdamedia |
| 338 | |aonline resource|bcr|2rdacarrier |
| 500 | |aCover title. |
| 500 | |aEnglish title supplied by the publisher. |
| 504 | |aIncludes bibliographical references. |
| 520 | |a["To better understand and manage our coasts and waterways, Fisheries and Oceans Canada launched the Coastal Environmental Baseline Program in 2018 as part of the Government of Canada's Oceans Protection Plan"]--[Introduction, page 3.] |
| 546 | |aText in Inuktitut (Nunavut). |
| 650 | 0|aMarine resources conservation|zCanada. |
| 650 | 0|aMarine parks and reserves|zCanada. |
| 710 | 1 |aCanada. |bDepartment of Fisheries and Oceans, |eissuing body. |
| 775 | 08|tFive years of coastal science : |w(CaOODSP)9.945154 |
| 788 | |t[Cinq ans de sciences côtières] : |efre|w(CaOODSP)9.945158 |
| 856 | 40|qPDF|s3.71 MB|uhttps://publications.gc.ca/collections/collection_2025/mpo-dfo/fs23/Fs23-755-2024-2-iku.pdf |